000 00630nam a22002057a 4500
003 OSt
008 260629b |||||||| |||| 00| 0 eng d
020 _a9781668463963
082 _a370.113
_bI43R
100 _aIRMA
245 _aResearch Anthology on Vocational Education and Preparing Future Workers /
_cby Information Resources Management Association; volume- ll
260 _a.- USA
_b: IGI Global
_c, 2022
300 _axxvii,(495-986)p.
365 _e2vol. set price- 50374.35
650 _aSocial Sciences
650 _aEducation
650 _aVocational Education
650 _aCareer Education
942 _2ddc
_cBK
999 _c52486
_d52486